Name The Active MLB Player By Picture Easy to Impossible - Statistics

General Stats
  • This quiz has been taken 87 times
  • The average score is 15 of 20
Answer Stats
Picture Answer % Correct
Aaron Judge
98%
Shohei Ohtani
98%
Bryce Harper
97%
Fernando Tatis Jr
97%
Mike Trout
97%
Francisco Lindor
94%
Salvador Perez
92%
Vladimir Guerrero Jr
92%
Eury Perez
90%
Paul Skenes
89%
Adolis Garcia
84%
George Springer
84%
Anthony Volpe
79%
Shane Bieber
78%
Andres Munoz
48%
Kerry Carpenter
48%
Patrick Bailey
41%
Reese Olson
21%
Ezequiel Duran
16%
Jake Irvin
10%
No matching quizzes found
Score Distribution
Percent of People with Each Score
Percentile by Number Answered
Your Score History
You have not taken this quiz